000 00238nam a2200109Ia 4500
008 190216s9999||||xx |||||||||||||| ||und||
100 _aO N V Kurup
245 0 _aOnv Kavitha
260 _bNbs Kottayam
650 _aPsycology
942 _cBK
999 _c26125
_d26125